000 00392nam a2200145Ia 4500
008 240729s9999 xx 000 0 und d
022 _a2414-4088
245 0 _aMultimodal Technologies and Interaction
260 _aSwitzerland
260 _bMDPI AG
650 _aTechnology | Science
856 _uhttps://doaj.org/toc/f0eeae7e1eab456da22d1bd32635a02a
942 _2ddc
942 _cDOAJEJ
999 _c74354
_d74354
945 _a1
_bMadushi Gamage
_c1
_dMadushi Gamage